000 00938nam a22002897a 4500
001 BR6005975
003 BR-BrBNA
005 20230928083235.0
007 ta
008 230509b bl.||||| |||| 00| 0 por d
040 _aBR-BrBNA
_bpor
_cBiblioteca Nacional de Agricultura
041 _a(Por)
072 _aE10
090 _ E10 BR6005975
100 1 _aMatthews, J.L.
100 1 _aGuebert, S.
110 1 _aAssociacao Internacional de Economistas Agricolas, Sao Paulo, SP (Brasil)
_9635
111 1 _a15. Congresso Internacional de Economistas Agricolas
_cSao Paulo, SP (Brazil)
_d20 Aug 1973
245 1 _aSinopse dos ensaios apresentados para a conferencia da Associacao Internacional de Economistas Agricolas
260 3 _aSao Paulo, SP (Brasil):
_c1973.
300 _a13 p.
500 _aSummary only
650 _aMacroeconomia
650 _aEconomia agricola
909 _a202309
_bLucia
_c55
_dLucia Elande
942 _cBK
999 _c12339
_d12339